000 00288nam a22001337a 4500
008 170421b xxu||||| |||| 00| 0 eng d
020 _a0878937331
041 _aeng
080 _a573
100 _a11
101 _aSHM
245 _aLIFE THE OF BIOLOGY
_cPURVES.W.K
942 _2udc
_cBK
999 _c11513
_d11513